Recognizing the rapid expansion of rubber plantation: A threat to native forest in parts of Northeast India (Record no. 66528)

MARC details
000 -LEADER
fixed length control field 02016nam a2200217Ia 4500
100 ## - MAIN ENTRY--AUTHOR NAME
Personal name Chakraborty Kasturi
245 #0 - TITLE STATEMENT
Title Recognizing the rapid expansion of rubber plantation: A threat to native forest in parts of Northeast India
260 ## - PUBLICATION, DISTRIBUTION, ETC. (IMPRINT)
Name of publisher Current Science
Year of publication 2018
300 ## - PHYSICAL DESCRIPTION
Number of Pages 207-213
520 ## - SUMMARY, ETC.
Summary, etc With the current trend of land use/land cover (LULC) change taking place globally, several parts of north-east India are also showing signs of change in LULC pattern leading to forest loss. This study focusses on the expansion of monoculture rubber plantation (Hevea brasiliensis) in selected sub-watersheds in northeast India, and distributed in parts of north Tripura, Mizoram and major portion in the Karimganj district of Assam. Remote sensing and GIS technique has been used to map and analyse the extent of rubber plantation using temporal IRS LISS III satellite data from 1997 to 2013. It has been observed that rubber plantation increased from 4.47 sq. km to 28.42 sq. km in various parts of the study area. The expansion was more rapid during recent times, i.e. during 2010 to 2013. The plantation took place in dense forest, open forest and degraded forest areas. The spread of the plantation was also observed in one reserved forest located within the study area. There are several instances of negative impacts of rubber plantation expansion in Southeast Asia. Similar expansion of rubber plantation has been observed in northeast India as well. Further spread of rubber plantations in the region needs to be regulated to avoid conversion of dense and reserved forest areas by fostering use of mixed cropping methods instead of rubber monocultures, and by adopting more sustainable land use and management practices.
650 ## - SUBJECT ADDED ENTRY--TOPICAL TERM
Topical Term GIS
650 ## - SUBJECT ADDED ENTRY--TOPICAL TERM
Topical Term Northeast India
650 ## - SUBJECT ADDED ENTRY--TOPICAL TERM
Topical Term Remote sensing
650 ## - SUBJECT ADDED ENTRY--TOPICAL TERM
Topical Term Rubber plantation
700 ## - ADDED ENTRY--PERSONAL NAME
Personal name Das A.K
700 ## - ADDED ENTRY--PERSONAL NAME
Personal name Raju P.L.N
700 ## - ADDED ENTRY--PERSONAL NAME
Personal name Sarma K.K
700 ## - ADDED ENTRY--PERSONAL NAME
Personal name Sudhakar S
942 ## - ADDED ENTRY ELEMENTS (KOHA)
Koha item type Journals
Holdings
Withdrawn status Lost status Damaged status Not for loan Home library Current library Shelving location Date acquired Serial Enumeration / chronology Koha item type
      Journals RRII Library RRII Library Climate change 01/01/2021 Volume 114, Issue 1 Journals